000 01727nam a2200337 c 4500
003 BLK
005 20180420214251.0
008 180412b bul|||||r ||||||| ||bul||
010 _aKNG00009219000
020 _a954-430-363-4
_bиздат.: Акад. изд. Проф. Марин Дринов
040 _aBLK
041 _aBUL
_cBUL
080 _aПолитическо преследване. Терористични действия. Тероризъм - Атентати, политически убийства. Вж и 343.1 ; 343.3/.7
_b323.28
_x.000.34
_z323.28.000.34
080 _aМеждународно наказателно право. Наказуеми действия в общото и в международното право. Наказуеми лица. Екстрадиция(правни аспекти)
_b341.4
_x
_z341.4
100 1 _aЙотов, Борислав Генов
_eпърви автор
_9252999
139 _aЙотов, Борислав Генов
_bИ 85
245 1 0 _aМеждународноправно сътрудничество и борбата с тероризма
_cБорислав Генов Йотов.
257 _aBGR
260 София
_bАкад. изд. Проф. Марин Дринов
_c1995
300 _a104 с.
_c21 см
380 _a3
650 4 _aТероризъм, международен - правни въпроси
_9253000
650 4 _aНаказателно право, международно
_9253001
653 _aтероризъм
653 _aмеждународно право
852 _aЦб 184407
856 4 _qpdf
_u
856 4 _qpdf
_u
942 _cKNG
_n0
944 _aCR
_c15.01.2003
_kЦветанка_Енчева
944 _aED
_c16.12.2003
_k
999 _c7886
_d7886